| 000 | 00451nam a2200145Ia 4500 | ||
|---|---|---|---|
| 003 | GCL | ||
| 008 | 140319s9999 xx 000 0 ara d | ||
| 040 |
_aGCL / _cGCL |
||
| 082 | 0 | 4 |
_a214 _bو ت |
| 100 | 1 | _aوحيد الدين خان | |
| 245 | 1 | 0 |
_aالتفسير السياسى للدين / _cوحيد الدين خان |
| 260 |
_aالقاهرة : _bالرسالة للاعلان الدولى ، _c1991 |
||
| 300 |
_a75 ص ؛ _c19 سم |
||
| 490 | _a | ||
| 999 |
_c31602 _d31602 |
||